| Tag |
First Indicator |
Second Indicator |
Subfields |
| LEADER |
00000cam a22000001a 4500 |
| 001 |
in00003301310 |
| 006 |
m d f |
| 007 |
cr bn mmmapmmp |
| 008 |
100505s1943 dcu o f000 0 eng d |
| 005 |
20260430203706.7 |
| 035 |
|
|
|a cis2007830484
|
| 040 |
|
|
|a LexisNexis
|c LexisNexis
|d UtOrBLW
|
| 043 |
|
|
|a n-us---
|
| 086 |
0 |
|
|a Y 4.M 53:942-44/14
|
| 099 |
|
|
|a CMP-1943-MMF-0012
|
| 110 |
1 |
|
|a United States.
|b Congress.
|b House.
|b Committee on Merchant Marine and Fisheries.
|
| 245 |
1 |
0 |
|a Report of Department of Agriculture and Department of the Interior on H.R. 1766 (Mr. Bates).
|
| 264 |
|
1 |
|a [Place of publication not identified] :
|b [publisher not identified],
|c 1943.
|
| 300 |
|
|
|a 1 online resource.
|
| 336 |
|
|
|a text
|b txt
|2 rdacontent
|
| 337 |
|
|
|a computer
|b c
|2 rdamedia
|
| 338 |
|
|
|a online resource
|b cr
|2 rdacarrier
|
| 500 |
|
|
|a Record is based on bibliographic data in LexisNexis U.S. Congressional Research Digital Collection (last viewed May 2010). Reuse except for individual research requires license from LexisNexis.
|
| 500 |
|
|
|a Print.
|
| 520 |
|
|
|a Bill transferring responsibilities of the Fish and Wildlife Service's Division of Fishery Industries to the Department of Agriculture.
|
| 500 |
|
|
|a Electronic resource.
|
| 610 |
1 |
0 |
|a United States.
|b Department of Agriculture.
|
| 610 |
1 |
0 |
|a United States.
|b Department of the Interior.
|
| 650 |
|
0 |
|a Fisheries.
|
| 655 |
|
7 |
|a Electronic books.
|2 local
|
| 710 |
2 |
|
|a ProQuest (Firm)
|
| 776 |
0 |
8 |
|i Microfiche version:
|a United States. Congress. House. Committee on Merchant Marine and Fisheries.
|t Report of Department of Agriculture and Department of the Interior on H.R. 1766 (Mr. Bates).
|o H3265
|
| 830 |
|
0 |
|a U.S. Congressional Research.
|
| 856 |
4 |
0 |
|u http://proxy.library.tamu.edu/login?url=https://congressional.proquest.com/congcomp/getdoc?CRDC-ID=CMP-1943-MMF-0012
|z Connect to the full text of this electronic book
|t 0
|
| 999 |
|
|
|a MARS
|
| 999 |
f |
f |
|s bf966dc4-56da-391f-9241-a4ba3d9572b2
|i ad8fc588-54c6-3e7d-89d6-c4bf2ac543a0
|t 0
|
| 952 |
f |
f |
|a Texas A&M University
|b College Station
|c Electronic Resources
|s www_evans
|d Available Online
|t 0
|e CMP-1943-MMF-0012
|h Other scheme
|
| 998 |
f |
f |
|a CMP-1943-MMF-0012
|t 0
|l Available Online
|